1877 1262 1809 1766 1580 1130 1803 1528 1995 1257 1734 1921 1541 1734 1508 1415 1994 1209 1410 1256 1865 1703 1129 1076 1813 1343 1728 1237 1505 1784 1941 1398 1877 1737 1583 1278 1381 1115 1211 1635 1526 1570 1242 1521 1778 1760 1505 1654 1766 1669 1384 1798 1929 1275 1105 1164 1888 1884 1541 1877 1711 1037 1795 1597 1081 1911 1213 1230 1621 1282 1414 1357 1180 1431 1646 1041 1945 1572 1770 1300 1434 1317 1919 1790 1052 1266 1518 1769 1864 1420 1508 1867 1540 1191 1607 1162 1703 1689 1026 BCNSPRNW ULIB Ver.6.0+V

เปลี่ยนเป็นภาษาไทย

Change to English
 แสดงรายละเอียดบรรณานุกรม
  กลับหน้าหลัก

Brief Record : Get Marc (ISO 2709) : E-mail record : QR code < ปิดหน้าต่าง
LEADER : 00000nam 2200000uu 4500
001    13399123576
003     ULIB
008    120830s2556||||th 000 0 tha d
020    ^a9742937915 (ล.2)
020    ^a9789742937911
060 04 ^aWY157^bก496ก ล.2
110 1  ^aกระทรวงสาธารณสุข. ^bสถาบันพระบรมราชชนก.^bโครงการสวัสดิการวิชาการ
245 00 ^aการพยาบาลสูติศาสตร์ เล่ม 2 /^cบรรณาธิการ, วรรณรัตน์ จงเจริญยานนท์
250    ^aพิมพ์ครั้งที่ 11
260    ^aนนทบุรี :^bโครงการสวัสดิการวิชาการ สถาบันพระบรมราชชนกกระทรวงสาธารณสุข,^c2556
300    ^a 213 หน้า:^bภาพประกอบ ;^c26 ซม.
650  7 ^aการพยาบาลสูติศาสตร์
700 0  ^aวรรณรัตน์ จงเจริญยานนท์,^eบรรณาธิการ
710 2  ^aกระทรวงสาธารณสุข. ^bสถาบันพระบรมราชชนก.^bโครงการสวัสดิการวิชาการ
945    ^p200^l0^i21317
945    ^p200^l0^i21318
945    ^p200^l0^i21319
945    ^p200^l0^i21320
945    ^p200^l0^i21321
945    ^p200^l0^i21322
945    ^p200^l0^i21323
945    ^p200^l0^i21324
945    ^p200^l0^i21325
945    ^p200^l0^i21326
995    ^aทศพร
999    ^aทศพร เกษรทอง
รายการนี้ยังไม่มีแท็ก
คุณยังไม่ได้ล็อกอิน คุณสามารถมีกิจกรรมร่วมกับเว็บไซต์ได้ แต่ต้องล็อกอินก่อน ::
  ล็อกอิน

รายการสื่อสารสนเทศ

ลำดับที่ ประเภท เลขเรียก/บาร์โค้ด สถานที่ สถานะ
1. Book การพยาบาล
Book การพยาบาล
สถานะ=หนังสือเก่า
WY157 ก496ก ล.2 ฉ.1 
  Barcode: 21317
ห้องสมุดวิทยาเขตนครสวรรค์
►ส่วนจัดเก็บหนังสือเก่า นว.
บนชั้น
  ขอยืม
2. Book การพยาบาล
Book การพยาบาล
สถานะ=หนังสือเก่า
WY157 ก496ก ล.2 ฉ.10 
  Barcode: 21326
ห้องสมุดวิทยาเขตนครสวรรค์
►ส่วนจัดเก็บหนังสือเก่า นว.
บนชั้น
  ขอยืม
3. Book การพยาบาล
Book การพยาบาล
สถานะ=หนังสือเก่า
WY157 ก496ก ล.2 ฉ.2 
  Barcode: 21318
ห้องสมุดวิทยาเขตนครสวรรค์
►ส่วนจัดเก็บหนังสือเก่า นว.
บนชั้น
  ขอยืม
4. Book การพยาบาล
Book การพยาบาล
สถานะ=หนังสือเก่า
WY157 ก496ก ล.2 ฉ.3 
  Barcode: 21319
ห้องสมุดวิทยาเขตนครสวรรค์
►ส่วนจัดเก็บหนังสือเก่า นว.
บนชั้น
  ขอยืม
5. Book การพยาบาล
Book การพยาบาล
สถานะ=หนังสือเก่า
WY157 ก496ก ล.2 ฉ.4 
  Barcode: 21320
ห้องสมุดวิทยาเขตนครสวรรค์
►ส่วนจัดเก็บหนังสือเก่า นว.
บนชั้น
  ขอยืม
6. Book การพยาบาล
Book การพยาบาล
สถานะ=หนังสือเก่า
WY157 ก496ก ล.2 ฉ.5 
  Barcode: 21321
ห้องสมุดวิทยาเขตนครสวรรค์
►ส่วนจัดเก็บหนังสือเก่า นว.
บนชั้น
  ขอยืม
7. Book การพยาบาล
Book การพยาบาล
WY157 ก496ก ล.2 ฉ.6 
  Barcode: 21322
ห้องสมุดวิทยาเขตนครสวรรค์
►หนังสือทั่วไป:l:General Books
บนชั้น
8. Book การพยาบาล
Book การพยาบาล
สถานะ=หนังสือเก่า
WY157 ก496ก ล.2 ฉ.7 
  Barcode: 21323
ห้องสมุดวิทยาเขตนครสวรรค์
►ส่วนจัดเก็บหนังสือเก่า นว.
บนชั้น
  ขอยืม
9. Book การพยาบาล
Book การพยาบาล
สถานะ=หนังสือเก่า
WY157 ก496ก ล.2 ฉ.8 
  Barcode: 21324
ห้องสมุดวิทยาเขตนครสวรรค์
►ส่วนจัดเก็บหนังสือเก่า นว.
บนชั้น
  ขอยืม
10. Book การพยาบาล
Book การพยาบาล
สถานะ=หนังสือเก่า
WY157 ก496ก ล.2 ฉ.9 
  Barcode: 21325
ห้องสมุดวิทยาเขตนครสวรรค์
►ส่วนจัดเก็บหนังสือเก่า นว.
บนชั้น
  ขอยืม

รายการใกล้เคียง
    หัวเรื่อง [การพยาบาลสูติศาสตร์]

BibComment


ยังไม่เคยถูกคอมเมนท์

คอมเมนท์ทรัพยากรรายการนี้
  คอมเมนท์: การพยาบาลสูติศาส..


 Copyright 2026. Bcnsprnw @Library